000 00344nam a2200133Ia 4500
005 20260328101519.0
008 260328s9999||||xx |||||||||||||| ||und||
100 _aMejía, Jorge Alberto
245 0 _aEnrique Triana :
_b Obras y Proyectos /
_cJorge Alberto Mejía
260 _bPlaneta
300 _a114 p.
650 _aARQUITECTOS
942 _cBK
999 _c9513
_d9513